| 000 | 00632nam a2200217Ia 4500 | ||
|---|---|---|---|
| 008 | 170203s9999 xx 000 0 und d | ||
| 020 | _a0 852295464 | ||
| 050 | _a0 30 | ||
| 050 | _b.B862 1991 | ||
| 100 | _aDaume, Daphne. | ||
| 245 | _aBritannica book of the year, 1991 / | ||
| 245 | _ceditor, Daphne Daume. | ||
| 260 | _aChicago, ILL : | ||
| 260 | _bEncyclopaedia Britannica, | ||
| 260 | _c1991 | ||
| 300 | _a910 pages : | ||
| 300 | _billustrations (some color), maps, portraits ; | ||
| 300 | _c29 cm. | ||
| 500 | _aSpine title: Britannica world data, 1991 - annual. | ||
| 650 | _aEncyclopedias and dictionaries. | ||
| 999 |
_c305869 _d305869 |
||